000 00307nam a22001337a 4500
003 SGT
020 _a9781466553200
082 _a630
_bCHA
100 _aCHAKRAVERTY, AMALENDU
245 _aPOSTHARVEST TECHNOLOGY AND FOOD PROCESS ENGINEERING
260 _bCRC PRSS
_c2014
300 _a551
942 _2ddc
_cBK
999 _c16155
_d16155